000 00466nam a2200181 i 4500
001 140941
003 ES-MaACL
005 20230906200202.0
007 t|
008 070918s1977 sp ||||1| spa d
020 _a84-85247-36-1
080 _a860-14"19"
100 1 _aYong, Tae-Min.
_9117661
245 1 0 _aIsla
_b: poemas /
_cTae-Min Yong.
260 _aBarcelona :
_bRondas,
_c1977.
300 _a43 p. ;
_c22 cm.
852 _aES-MaACL
_j2113-F-22
_bR.100468
999 _c140941
_d140941